000 00535nam a2200193Ii 4500
003 JO-AjNU
008 230606s9999||||xx |||||||||||||| ||und||
020 _a978-0-07-060055-3
040 _aJO-AjNU
_beng
_erda
_cJO-AjNU
041 _aeng
050 1 4 _aKD1629.2008
100 3 _aTULSIAN ، P.C,
_eauthor
_93
245 0 0 _aBusiness Law Questions And Answers
264 3 1 _aNew Delhi : Tata McGraw-Hill ، 2008
300 _a51p
336 _atext
_btxt
_2rdacontent
337 _aunmediated
_bn
_2rdamedia
338 _avolume
_bnc
_2rdacarrier
999 _aE2
_c2
_d2